[Event "St Petersburg-ch"]
[Site "St Petersburg"]
[Date "2003.04.25"]
[Round "10"]
[White "Ivanov, Sergey"]
[Black "Popov, Valerij"]
[Result "1-0"]
[WhiteElo "2557"]
[BlackElo "2570"]
[Annotator "Huebner,R"]
[PlyCount "79"]
[EventDate "2003.04.16"]
[EventType "tourn"]
[EventRounds "13"]
[EventCountry "RUS"]
[EventCategory "11"]
[SourceTitle "CBM 095"]
[Source "ChessBase"]
[SourceDate "2003.07.25"]
[SourceVersion "1"]
[SourceVersionDate "2003.07.25"]
[SourceQuality "1"]

1. d4 d5 2. c4 c6 3. Nf3 Nf6 4. Nc3 dxc4 5. e4 b5 6. e5 Nd5 7. a4 Qd7 {Dies
ist, soweit ich sehe, ein neuer Zug.} 8. Ng5 Nxc3 9. bxc3 f6 10. Nf3 Na6 11. g3
Nc7 12. Bg2 Nd5 13. Nh4 g6 14. O-O Bb7 15. Re1 Nxc3 (15... fxe5 {führt zu
sicherem und gutem Spiel für Schwarz:} 16. dxe5 (16. Rxe5 Bg7 $19) 16... e6 {
usw.}) 16. Qf3 Nd5 $2 (16... Nxa4 {dürfte stärker sein:} 17. exf6 O-O-O (17...
Nb6 18. f7+ Kd8 19. Bf4 Bg7 20. Be5 Bxe5 21. dxe5 Kc7 22. e6 {sieht ungünstig
für Schwarz aus.}) 18. Bg5 exf6 19. Bxf6 Bb4 20. Reb1 c5 21. Qe2 (21. Qxb7+
Qxb7 22. Bxb7+ Kxb7 23. dxc5 a5 {mit Gewinnstellung für Schwarz.}) 21... Rhe8 {
mit gewaltiger Initiative für Schwarz.}) 17. exf6 O-O-O {Schwarz gibt den
Bauern auf a7 her; danach erhält Weiß Angriffsaussichten.} ({Ungünstig für
Schwarz ist auch} 17... b4 18. f7+ Kd8 19. Qe2 Bg7 20. Qxc4 Rf8 21. Nf3 Bf6 (
21... Rxf7 22. Ng5 Rf6 23. Bh3 $18) 22. Ne5 Bxe5 23. dxe5) (17... a6 18. Bg5
Qd6 {führt zu unklarem Spiel.}) 18. axb5 cxb5 19. fxe7 Bxe7 20. Rxa7 Rhf8 21.
Qe4 Rfe8 22. Nf3 Bc5 $6 {Hier hängt der Läufer. Viel besser ist} (22... Bb4 23.
Ne5 Qf5 {, und Schwarz hat nichts zu fürchten.}) 23. Rxb7 Rxe4 (23... Kxb7 {
bietet keine Rettung:} 24. Ne5 Bb6 25. Bg5 Qf5 26. Qxf5 gxf5 27. Bxd8 Rxd8 28.
Rb1 c3 29. Rxb5 c2 30. Nd3 Kc6 31. Rb2 $18) 24. Rxd7 Rxe1+ 25. Nxe1 Kxd7 $2 (
25... Rxd7 26. dxc5 Ne7 {bietet bessere Rettungsaussichten:} 27. Ba3 Rd1 28.
Kf1 c3 29. Be4 (29. Ke2 Rd2+ 30. Kf3 Nd5 {ist nicht besser für Weiß.}) 29... b4
30. Bxb4 Rd4 31. Bxc3 Rxe4) 26. dxc5 Kc6 27. Ba3 Kc7 28. Nc2 Ne7 29. Kf1 Nc6
30. Ke2 Re8+ 31. Kd2 Rd8+ 32. Kc1 Ne5 33. Nb4 c3 34. Nd5+ Kc8 35. Kc2 Nc4 36.
Bb4 Rf8 37. f4 Re8 38. Kxc3 Re2 39. Bf3 Rxh2 40. Nb6+ 1-0

[Event "Groningen Festival (Women)"]
[Site "Groningen"]
[Date "1998.12.21"]
[Round "2"]
[White "Socko, Monika"]
[Black "Zhukova, Natalia"]
[Result "0-1"]
[WhiteElo "2470"]
[BlackElo "2460"]
[Annotator "Huebner,R"]
[PlyCount "80"]
[EventDate "1998.12.20"]
[EventType "tourn"]
[EventRounds "10"]
[EventCountry "NED"]
[EventCategory "9"]
[SourceTitle "CBM 069"]
[Source "ChessBase"]
[SourceDate "1999.04.01"]
[SourceVersion "1"]
[SourceVersionDate "1999.04.01"]
[SourceQuality "1"]

1. Nf3 {Baburin} d5 2. d4 Nf6 3. c4 c6 4. Nc3 dxc4 5. e3 b5 6. a4 b4 7. Nb1 Ba6
8. Be2 e6 9. Nbd2 c3 10. bxc3 bxc3 11. Nb1 Bb4 12. O-O c5 13. Bxa6 Nxa6 14. Qd3
Qa5 15. Ba3 O-O 16. Rc1 Rfc8 17. Nxc3 Bxa3 18. Rxa3 cxd4 19. Nxd4 Rab8 20. Qd1
Nb4 21. Ncb5 a6 22. Nc3 Rd8 23. Qf3 Nd3 24. Rca1 Ne5 25. Qd1 Rbc8 26. Qe1 $2 (
26. Nce2 Nc4 27. Rd3 {bot Rettungsaussichten, denn auf} Nb2 {folgt} 28. Qd2)
26... Nd3 {'!' Baburin.} 27. Qd2 Nxf2 $19 {'!' Baburin. Baburin: 'This blow,
which employs geometrical motifs, wins a pawn and the game.'} 28. Qxf2 (28.
Kxf2 $4 {Baburin} Rxc3 29. Rxc3 Ne4+ {[%cal Re4f2,Re4d2,Gf6e4]}) 28... Rxc3 29.
Rxc3 Qxc3 30. Rf1 Rf8 31. Qf3 h6 32. h3 Qa3 33. Qg3 Nd5 34. Rf3 Qxa4 35. Qe5
Qd7 36. Rg3 f6 37. Qh5 Qd6 38. Qg4 Rf7 39. Nxe6 h5 40. Qe4 Qxg3 0-1

[Event "Groningen Festival (Women)"]
[Site "Groningen"]
[Date "1998.12.26"]
[Round "6"]
[White "Zhu, Chen"]
[Black "Zhukova, Natalia"]
[Result "1-0"]
[WhiteElo "2480"]
[BlackElo "2460"]
[Annotator "Huebner,R"]
[PlyCount "81"]
[EventDate "1998.12.20"]
[EventType "tourn"]
[EventRounds "10"]
[EventCountry "NED"]
[EventCategory "9"]
[SourceTitle "CBM 069"]
[Source "ChessBase"]
[SourceDate "1999.04.01"]
[SourceVersion "1"]
[SourceVersionDate "1999.04.01"]
[SourceQuality "1"]

1. d4 d5 2. c4 c6 3. Nf3 Nf6 4. Nc3 a6 5. Ne5 dxc4 6. a4 Be6 7. e4 Nbd7 8. Nxc4
b5 $6 {In der Partie Baburin-Giorgadze, Ubeda op 1996, geschah} (8... Bxc4 9.
Bxc4 b5 {und dies ist verständiger, denn der Läufer auf e6 ist keine Zierde
der Stellung des Schwarzen.}) 9. Ne3 b4 10. d5 bxc3 11. dxe6 fxe6 12. f3 g6 $2
{Danach ist die Stellung des Schwarzen strategisch verloren. Als Kompensation
für die desparate Gestalt seiner Bauernstruktur sollte er wenigstens einen
Bauern einschlucken:} (12... cxb2 13. Bxb2 Qa5+ 14. Kf2 e5 {nebst e7-e6 mit
unklarer Stellung.}) 13. bxc3 Bg7 14. Bc4 Nc5 15. Qd4 Qa5 $6 ({Nach} 15... Nh5
16. e5 (16. Qxc5 Bxc3+ 17. Kf2 Bxa1 18. Qxc6+ Kf8 19. Qxe6 Qe8 20. Ng4 {
sieht auch günstig für Weiß aus.}) 16... Qa5 17. Ba3 Nd7 (17... Bxe5 18. Qxc5
Bxc3+ 19. Kf2 Qxc5 20. Bxc5 Bxa1 21. Rxa1 {überläßt dem Weißen eine
Gewinnstellung.}) 18. f4 c5 (18... Nxf4 19. Qxf4 Bxe5 20. Qe4 {sieht auch
nicht attraktiv für Schwarz aus.}) 19. Qe4 Qxc3+ 20. Ke2 {muß der Schwarze
ohne Beteiligung seines Königsflügels weiterspielen. Immerhin hätte diese
Fortsetzung dem Schwarzen noch mehr Gegenspiel versprochen als die Partiefolge.
}) 16. Ba3 Ncxe4 {Verzweifelung.} 17. Bb4 Qg5 18. fxe4 Nh5 19. Qc5 $2 (19. Qb6
Qh4+ 20. g3 Qxe4 (20... Nxg3 21. Qxc6+ $18) 21. O-O $18) 19... Bxc3+ 20. Ke2
Nf4+ 21. Kf3 Qxc5 22. Bxc5 Rf8 (22... Bxa1 23. Rxa1 Rf8 {war besser.}) 23. Rac1
{Besser war} (23. Ra3 Bg7 (23... Be5 24. Ng4 {ist auch nicht ausreichend.}) 24.
Kg3 {und Weiß sollte gewinnen.}) 23... Bg7 $2 (23... Nd3+ 24. Ke2 Nxc1+ 25.
Rxc1 Be5 {bot besseres Rettungsaussichten.}) 24. Ba3 $2 (24. Kg3 Nh5+ 25. Kh3
Nf4+ 26. Kh4 {führt zum Gewinn.}) 24... Rd8 $2 25. Rhd1 $2 Nd3+ {Plötzlich hat
Schwarz Vorteil.} 26. Nf5 Ne5+ (26... Nxc1 27. Rxd8+ Kxd8 28. Bxe7+ Kd7 29.
Bxf8 Bxf8 {führt zum Ausgleich.}) 27. Ke2 exf5 28. Rxd8+ Kxd8 29. Bxa6 fxe4 30.
Rb1 Nd7 31. Rd1 Rf5 $4 {Gewinnaussichten gab sowohl} (31... Be5 {als auch}) (
31... Kc7 {mit der Absicht} 32. Bxe7 Ra8) 32. Bc4 Ra5 33. Be6 Rxa4 (33... Ra7 {
rettet den Schwarzen nicht mehr:} 34. Bc5 Rb7 35. a5 Ke8 36. Bxd7+ Rxd7 37. a6
Rc7 38. Bb6 (38. a7 Rc8 39. Rb1 Be5 40. Rb7 Kf7 41. Rxe7+ Kf6 42. Rxh7 {
reicht wohl auch zum Gewinn, ist aber weniger zwingend.}) 38... Rc8 39. a7 Be5
40. Rd8+ {usw.}) 34. Rxd7+ Ke8 35. Rxe7+ Kd8 36. Rxg7 Rxa3 37. Rxh7 Rc3 38. g4
c5 39. h4 c4 40. Rd7+ Ke8 41. Rc7 1-0

[Event "ESP-chT Honor Gp1 49th"]
[Site "Merida"]
[Date "2005.08.26"]
[Round "3"]
[White "Gelfand, Boris"]
[Black "Sokolov, Ivan"]
[Result "1-0"]
[WhiteElo "2724"]
[BlackElo "2691"]
[Annotator "Huebner,R"]
[PlyCount "61"]
[EventDate "2005.08.24"]
[EventType "team"]
[EventRounds "5"]
[EventCountry "ESP"]
[SourceTitle "CBM 109"]
[Source "ChessBase"]
[SourceDate "2005.11.14"]
[SourceVersion "1"]
[SourceVersionDate "2005.11.14"]
[SourceQuality "1"]

1. d4 {Gelfand,B} d5 2. c4 c6 3. Nc3 Nf6 4. e3 a6 5. Nf3 b5 6. c5 Nbd7 7. Bd3
e5 {Dies ist ein neuer Zug. Es ist nicht einfach, seinen Wert im Vergleich mit
den bisher üblichen Fortsetzungen zu bestimmen. In den Vorgängerpartien, die
unten folgen, erreichte Schwarz sehr befriedigendes Spiel; auch der Textzug
scheint dem Schwarzen bequemen Ausgleich zu versprechen.} (7... Qc7 8. O-O (8.
Bf5 g6 9. Bxd7+ Nxd7 10. Qb3 e5 11. Ng5 Bb7 12. a4 Be7 13. f4 exd4 14. exd4 O-O
15. O-O Bf6 16. Ne2 Rae8 $17 {0-1 Ferenczi,J-Harmatosi,J/Budapest 1999/EXT
2004 (40). (40)}) 8... e5 9. dxe5 Nxe5 10. Nxe5 Qxe5 11. e4 Ng4 $17 {0-1 Vukic,
I-Zaja,I/Zagreb 1995/EXT 2000 (39). (39)} 12. g3 {Gelfand,B} Bxc5 13. exd5 cxd5
$15 {0-1 Vukic,I-Zaja,I/Zagreb 1995/EXT 2000 (39)}) (7... g6 8. O-O Bg7 9. e4
dxe4 10. Nxe4 Nxe4 11. Bxe4 Qc7 12. g3 Nf6 13. Bf4 Qb7 14. Be5 O-O 15. Bxf6
exf6 16. Ne1 Be6 17. Nc2 f5 18. Bg2 Rfd8 $15 {1/2-1/2 Gurevich,D-Burmakin,V/
Graz 1995/EXT 98 (36). (35)} 19. Qd2 {Gelfand,B} a5 $15 {1/2-1/2 Gurevich,
D-Burmakin,V/Graz 1995/EXT 98 (36)}) 8. Nxe5 Nxe5 9. dxe5 Ng4 10. f4 Bxc5 11.
Qf3 Qb6 12. Ke2 $6 (12. Nd1 {verschafft dem Weißen meines Erachtens ein
vollwertiges Spiel.}) 12... Nh6 (12... Nxe3 {Gelfand,B} 13. Bxe3 Bxe3 14. Nxd5
(14. Qxe3 Bg4+ 15. Kd2 d4 16. Qg3 dxc3+ 17. bxc3 $13) 14... cxd5 15. Qxe3 $14)
13. h3 (13. f5 $2 {Gelfand,B} Qc7 14. Qf4 f6 $1 15. e6 Qxf4 16. exf4 g6 $15)
13... a5 $6 {Meiner Meinung nach ist dieses Vorgehen unnötig langsam.
Plausibel ist} (13... O-O {, um möglichst rasch f7-f6 zu spielen und Linien zu
öffnen, um dem König des Weißen, der in der Mitte steckengeblieben ist, zu
Leibe zurücken.}) (13... Be7 $5 {Gelfand,B}) 14. Bd2 $6 (14. e4 d4 15. Nd1 {
dürfte dem Weißen vollwertiges Spiel geben; es droht f4-f5 usw.}) 14... Ba6 (
14... O-O {ist immer noch plausibel.}) 15. Kf2 {Weiß überführt den König in
gemäßigtere Zonen. Es drohte natürlich 15...b4.} (15. e4 d4 16. Nd1 Be7 {
mit der Absicht c6-c5-c4 ist jetzt vielleicht zu langsam für Weiß, obwohl die
sache noch genauerer Untersuchung bedarf.}) (15. Rhc1 {Gelfand,B} b4 (15... Be7
$5) 16. Na4 Bxd3+ 17. Ke1 $1 Qb5 18. Rxc5 (18. Nxc5 Bc4 $13) 18... Be4 (18...
Qa6 19. Rcc1 Qb5 $11) 19. Qg3 Qd3 20. Rcc1 $13) 15... Be7 $6 {Damit kann
Schwarz noch warten.} (15... O-O {muß auf jeden Fall geschehen und ist im
Augenblick mit keinerlei Nachteilen verbunden.}) 16. Rhd1 (16. f5 $5 {Gelfand,B
}) 16... O-O 17. Kg1 {'?!' Gelfand,B.} (17. f5 {ermöglicht auf} f6 {die Antwort
} (17... Rfe8 $1 {Gelfand,B} 18. Qg3 (18. f6 Bf8 19. Qg3 g6 $17 (19... Qc7))
18... Bf8 $13) (17... Qc7 {Gelfand,B} 18. f6 b4 19. fxe7 Qxe7 20. Bc2 bxc3 21.
Bxc3 $16) 18. e6 {und verdient daher Untersuchung.}) (17. g4 $5 {Gelfand,B} f5
$1 (17... f6 18. e6) 18. gxf5 Nxf5 19. Nxd5 cxd5 20. Bxf5 Rxf5 21. Qxd5+ Kh8
22. Qxa8+ Rf8 23. Qf3 b4 (23... Bh4+ 24. Kg1 Bb7 25. Qg4 g5 26. f5 Qc6 27. Kh2
b4 $44) (23... Bb7 24. Qg4 (24. Qg3 b4 (24... Qh6 $5) 25. Rac1 g5 $44) 24... b4
$5 $13 (24... g5 25. f5 (25. Ke2 b4) 25... Bc8 26. e6 Bxe6 27. Bc3+ Kg8 28. Bd4
Bxf5 29. Qxg5+ Bxg5 30. Bxb6 $18)) 24. Kg1 Bb7 $13) 17... f6 18. exf6 ({
Jetzt folgt auf} 18. e6 {die Entgegnung} f5 {, und der Bauer auf e6 wird
verlorengehen.}) 18... Bxf6 19. Kh2 {Weiß strebt den Vorstoß e3-e4 an. Meist
steht der König in derartigen Situationen auf h2 besser, aber in dieser
spezifischen Stellung verdient} (19. Kh1 {Erwägung.}) 19... b4 $6 (19... Qb7 {
mit der Idee} 20. e4 b4 21. Na4 Bxd3 22. Qxd3 dxe4 23. Qxe4 Qb5 24. Qc2 Nf5 {
ist genauer.}) (19... Rad8 $5 {Gelfand,B} 20. e4 d4 21. Ne2 c5 22. e5 Be7 $13)
20. Na4 Qa7 (20... Qb8 21. Bxa6 (21. Nc5 Bxd3 22. Nxd3 Re8 {ist nicht günstig
für Weiß.}) 21... Rxa6 22. e4 {macht keinen großen Unterschied zur
Textfortsetzung.}) 21. e4 Bb5 $6 {'?' Gelfand,B. Nun kommt Weiß in Vorteil. Es
gibt viele andere plausible Fortsetzungen für Schwarz:} (21... Rad8 {ergibt
scharfes Spiel mit beiderseits etwa gleichen Aussichten.}) (21... Bxd3 22. Qxd3
dxe4 23. Qxe4 Kh8 (23... Qc7 {kommt auch in Betracht.}) (23... Rad8 $132 {
Gelfand,B}) 24. Qxc6 Qf2 {Schwarz hat volle Kompensation für den geopferten
Bauern.}) (21... Rae8 22. Be3 (22. exd5 Bb5 23. Bc2 Be2 24. Qb3 c5 25. Bd3 Bxd1
26. Rxd1 Bd4 {mit Vorteil für Schwarz.}) (22. Bxa6 Qxa6 23. exd5 Qb5 24. Qb3
Qxd5 25. Nb6 Qxb3 26. axb3 Bxb2 27. Rxa5 Rd8 28. Nc4 Bc3 {Schwarz steht etwas
bequemer, aber das Gleichgewicht dürfte nicht entscheidend gestört sein.})
22... d4 23. Bxa6 dxe3 24. Bc4+ Kh8 {Die Lage ist unklar, aber sicher nicht
nachteilig für Schwarz.}) 22. Bxb5 (22. Bc2 {Gelfand,B} Rae8 $13) 22... cxb5
23. e5 Rad8 $6 (23... bxa4 {sieht natürlicher und sicherer aus:} 24. exf6 (24.
Qxd5+ Qf7 25. Qxf7+ Rxf7 26. exf6 Rxf6 {ist auch nicht allzu beunruhigend für
Schwarz.}) 24... Rxf6 25. Qxd5+ Nf7 26. Be3 Qa6 {Der Vorteil des Weißen hält
sich in Grenzen.}) (23... Bxe5 $142 {Gelfand,B} 24. Qxd5+ Qf7 25. Qxf7+ Nxf7
26. Nb6 (26. fxe5 bxa4 $11) 26... Bxb2 27. Rab1 Rad8 (27... Ra6 28. Nd7 Rd8 29.
Nc5 (29. Bxb4 axb4 30. Rxb2) 29... Rc6 30. Nb7 Rd7 31. Nxa5 Rc2 32. Bxb4 $14
Rxd1 33. Rxd1 Bc1 34. Kg3 Ba3 35. Rd2 $16) 28. Rxb2 Rd6 29. Bxb4 axb4 30. Rxd6
Nxd6 31. Rxb4 $14) 24. exf6 Rxf6 ({Die Fortsetzung} 24... bxa4 25. fxg7 Kxg7 {
wird zu Recht von keinem Menschen in Betracht gezogen.}) 25. Be1 $6 (25. Bxb4
axb4 26. Rxd5 Rdf8 27. Nc5 Rxf4 28. Qb3 {verspricht mehr als der Textzug, zum
Beispiel} Kh8 (28... Rc4 29. Ne6 Qb8+ 30. Kh1 Re8 31. Nd4 {ist fatal für
Schwarz.}) 29. Re1 {mit starkem Druck.}) (25. f5 {Gelfand,B} bxa4 26. Bxh6 Rxh6
27. Rxd5 $14) (25. Be3 {Gelfand,B} d4) 25... Nf7 $2 {Danach ist Schwarz
verloren. Richtig ist} (25... Rf5 26. g4 (26. Bh4 {ist kaum aussichtsreicher:}
Rdf8 (26... Rd6 {Gelfand,B} 27. Nc5 Qxc5 28. Be7) 27. g4 (27. Bf2 {Gelfand,B}
Qf7 28. Bc5 Rc8 29. Rac1 bxa4 30. Bxb4 $16) 27... R5f7 28. Qxd5 (28. Bf2 Qb8
29. Be3 bxa4 30. Rxd5 Qa8 {führt zu einer Stellung mit etwa gleichen
Aussichten für beide Seiten.}) 28... bxa4 29. f5 Kh8 {mit guten
Überlebensaussichten für Schwarz.}) (26. Bf2 {Gelfand,B} Qf7 27. Bb6 Rb8 28.
Bxa5 (28. g4 Rxf4 29. Qg3 Rf8) 28... bxa4 29. Rd4 $16) 26... Rff8 ({Die
Fortsetzung} 26... Rf7 27. Rxd5 Rxd5 28. Qxd5 bxa4 29. Rc1 Qd7 30. Qxa5 Rxf4
31. Bxb4 Kh8 32. Bc3 {genügt wohl nicht zur Rettung für Schwarz.}) 27. a3 bxa4
28. axb4 Nf7 29. bxa5 Ng5 30. Qg2 Ne4 31. Rxa4 Rxf4 32. Rxd5 {Sonst behält
Schwarz gefährlichen Angriff.} Rxd5 33. Rxe4 Rf8 34. Re8 Qc7+ 35. Kh1 Rxe8 36.
Qxd5+ Kh8 {Schwarz sollte sich halten können.}) (25... Rff8 {Gelfand,B} 26.
Rxd5 (26. Bh4 Rd7) 26... bxa4 27. a3 $14) (25... Rf7 {Gelfand,B} 26. Bh4 Rd6
27. Rac1 bxa4 28. Rc8+ Rf8 29. Rdc1 $18) 26. Bf2 $18 d4 (26... Qb8 27. Nc5 Rxf4
28. Bg3 Rxf3 29. Bxb8 {ist ebenfalls hoffnungslos für Schwarz.}) 27. Bxd4 Rxd4
28. Qe3 Qb8 29. Rxd4 bxa4 30. Re1 Nd6 31. Qe5 1-0

[Event "Olympiad-33"]
[Site "Elista"]
[Date "1998.10.09"]
[Round "10.3"]
[White "Romanishin, Oleg M"]
[Black "Morozevich, Alexander"]
[Result "0-1"]
[WhiteElo "2600"]
[BlackElo "2625"]
[Annotator "Huebner,R"]
[PlyCount "120"]
[EventDate "1998.09.29"]
[EventType "team-swiss"]
[EventRounds "13"]
[EventCountry "RUS"]
[SourceTitle "CBM 068"]
[Source "ChessBase"]
[SourceDate "1999.02.01"]
[SourceVersion "1"]
[SourceVersionDate "1999.02.01"]
[SourceQuality "1"]
[WhiteTeam "Ukraine"]
[BlackTeam "Russia"]
[WhiteTeamCountry "UKR"]
[BlackTeamCountry "RUS"]

1. d4 d5 2. c4 c6 3. Nf3 Nf6 4. Nc3 dxc4 5. Ne5 Nbd7 6. Nxc4 b5 7. Ne3 Bb7 8.
g3 c5 9. d5 a6 10. Bg2 g6 11. O-O Bg7 12. a4 (12. Qc2 O-O 13. Rd1 Rc8 14. b3
Nb6 15. a4 b4 16. a5 Nfd7 17. axb6 Bxc3 18. Bb2 Bxb2 19. Qxb2 Nxb6 20. Ng4 h5
21. Ne5 $13 {1/2-1/2 Sulava,N-Kuporosov,V/Budapest 1990 (28)}) 12... b4 13. Nb1
a5 ({Nach} 13... Nb6 {folgt} 14. a5 Nbxd5 15. Qa4+ Qd7 (15... Kf8 16. Nxd5 Nxd5
17. Rd1 f5 18. Nd2 {sieht auch nicht attraktiv für Schwarz aus.}) 16. Qxd7+
Kxd7 17. Rd1 (17. Nxd5 Bxd5 18. Rd1 Kc6 {ist falsch.}) 17... e6 18. Nc4 Ke7 19.
e4 Nc7 20. Be3 {mit entscheidendem Angriff.}) 14. Qc2 Nb6 15. Rd1 O-O 16. Nd2
Ne8 17. Nb3 $2 ({Zu gleichem Spiel führt die Fortsetzung} 17. Ndc4 Nd6 18. Rb1
Ndxc4 19. Nxc4 Nxc4 20. Qxc4 Ba6 $11 {Nach dem Textzug gewinnt Weiß zwar
zunächst einen Bauern, leidet aber an der unharmonischen Aufstellung seiner
Figuren und kommt nicht dazu, seine Entwicklung zu vollenden.}) 17... Nd6 18.
Qxc5 (18. Nxc5 Rc8 19. Nxb7 Nxb7 20. Qd3 Nc5 21. Qb5 Nb3 22. Rb1 Rc5 {ist
offenbar ungünstig für Weiß.}) 18... Nd7 19. Qc2 Rc8 20. Qd2 Qb6 21. Nd4 Nc5 {
Es ist klar, daß Schwarz über mehr als genügend Spiel für den geopferten
Bauern verfügt.} 22. Rb1 Nce4 (22... Nxa4 23. Nc6 {ließe den Weißen zu Atem
kommen.}) 23. Bxe4 (23. Qd3 Ba6 24. Nb5 Nc5 {führt zu erheblichem Vorteil für
Schwarz.}) 23... Nxe4 24. Qd3 Nc5 25. Qb5 Qxb5 (25... Nxa4 26. Qxa4 Bxd4 27.
Ra1 Ra8 {kam auch in Betracht. Schwarz möchte aber mit seinem Springer den
prächtigen Posten b3 besetzen.}) 26. Nxb5 ({Nicht besser war} 26. axb5 Bxd4 27.
Rxd4 Nb3 28. Rd1 Rfd8 {Weiß kann sich nicht rühren; er wird den d-Bauern und
den b-Bauern verlieren.}) 26... Nb3 27. Bd2 Rfd8 28. Be1 Ba6 29. Kf1 (29. d6 {
war vielleicht zäher, obwohl Schwarz großen Vorteil behält:} exd6 30. Nxd6 (30.
Rxd6 Rxd6 31. Nxd6 Rc6 (31... Rc1 32. Rxc1 Nxc1 33. Ndc4 Nxe2+ 34. Kg2 {
ist nicht klar.}) 32. Nb5 Nd4 (32... Rc1 33. Rxc1 Nxc1 34. Nc4 {ist nicht
überzeugend.}) 33. Nxd4 Bxd4 {usw.}) 30... Rc6 31. Nb5 Rxd1 32. Nxd1 (32. Rxd1
Bxb2 33. Rb1 Rc1 34. Rxb2 Rxe1+ 35. Kg2 Nc5 {mit Gewinnstellung für Schwarz.})
32... Rc2 33. Kf1 (33. e3 Nc1 34. Nd4 Ne2+ $19) 33... Nd4 34. Ne3 Rxe2 35. Nc4
Rc2 36. Nxa5 Nxb5 37. axb5 Bxb5+ 38. Kg2 Bf8 {usw.}) 29... Rd7 30. d6 exd6 31.
Nxd6 Rcd8 32. Nb5 Rxd1 33. Rxd1 {Nach doppeltem Turmtausch wird die Lage für
Weiß hoffnungslos. Versucht werden mußte} (33. Nxd1) 33... Rxd1 34. Nxd1 Nc5
35. Nc7 Bc4 36. Ne3 Bb3 37. Ncd5 Bxb2 38. Ne7+ Kg7 39. Nc6 Nb7 $19 40. Nxa5
Nxa5 41. Bxb4 Nc6 42. Bd2 Bxa4 43. Nc4 Bd4 44. Nd6 Ne7 45. f3 Bd7 46. e4 Nc8
47. Nb7 Nb6 48. Bb4 Bb5+ 49. Kg2 Nc4 50. Bc5 Bxc5 51. Nxc5 Kf6 52. Kf2 Ke5 53.
Nb3 Kd6 54. h4 Ba4 55. Nd4 Kc5 56. Ne2 Ne5 57. Ke3 Kc4 58. Ng1 Bd1 59. Kf4 Kd4
60. g4 h6 0-1

[Event "Corus"]
[Site "Wijk aan Zee"]
[Date "2004.01.11"]
[Round "2"]
[White "Topalov, Veselin"]
[Black "Sokolov, Ivan"]
[Result "1/2-1/2"]
[WhiteElo "2735"]
[BlackElo "2706"]
[Annotator "Huebner,R"]
[PlyCount "70"]
[EventDate "2004.01.10"]
[EventType "tourn"]
[EventRounds "13"]
[EventCountry "NED"]
[EventCategory "19"]
[SourceTitle "CBM 099"]
[Source "ChessBase"]
[SourceDate "2004.03.30"]
[SourceVersion "1"]
[SourceVersionDate "2004.03.30"]
[SourceQuality "1"]

1. d4 d5 2. c4 c6 3. Nf3 Nf6 4. Nc3 a6 5. c5 Bg4 6. Ne5 Bh5 7. Qb3 Ra7 8. e4 $1
{Dies ist ein neuer, aggressiver Versuch. Meines Erachtens ist es für Schwarz
nun nicht leicht, Ausgleich zu erzielen; in der Partie gelingt ihm dies nicht.
Ich zitiere nur einen Vorgänger (nicht Vorkämpfer):} (8. Bg5 Nbd7 9. f4 h6 10.
Bxf6 gxf6 (10... exf6 $11) 11. Nxd7 Qxd7 12. e3 $14 {1/2-1/2 Radjabov,
T-Kasparov,G/Moscow 2002/CBM 90 (45). (44)}) 8... e6 ({Die Fortsetzung} 8...
dxe4 9. Be2 e6 10. Bxh5 Nxh5 11. Nc4 Nf6 12. Bg5 {könnte Schwarz ebenfalls vor
unangenehme Probleme stellen.}) 9. exd5 exd5 10. Bd3 Nbd7 11. Bf4 Nxe5 {
Vielleicht sollte Schwarz diesen Tausch hinausschieben, um das Feld b6 nicht
ungedeckt zu lassen:} (11... Be7 12. O-O O-O 13. Rfe1 Re8 {usw.}) 12. Bxe5 Be7
13. O-O O-O 14. Rfe1 Bg6 15. Bxg6 hxg6 16. Re2 Ng4 (16... Nd7 17. Bc7 Qxc7 18.
Rxe7 Qd8 19. Rae1 {ist ebenfalls unerfreulich für Schwarz.}) 17. Qb6 Qa8 ({
Die Fortsetzung} 17... Qxb6 18. cxb6 Raa8 19. Bxg7 Rfe8 20. Rae1 Kxg7 21. Rxe7
{sieht hoffnungslos für Schwarz aus.}) 18. Bc7 Bf6 19. Bd6 Rd8 20. Na4 Nh6 ({
Auf} 20... Bxd4 {folgt} 21. Qb4 Bxf2+ 22. Rxf2 Nxf2 23. Nb6 {, und Weiß
gewinnt die Dame.}) 21. Qa5 Qc8 22. h3 $2 (22. Rae1 {sieht viel kräftiger aus.}
Qg4 {wird mit} 23. Qb6 {widerlegt:} Raa8 (23... Rda8 24. Bb8 {usw.}) 24. Qxb7 {
mit der Drohung Sa4-b6. Weiß spart ein wertvolles Tempo im Vergleich zur
Partiefortsetzung.}) 22... Qf5 23. Rae1 Qd3 24. Re8+ (24. Qb6 {bietet
ebenfalls Gewinnaussichten, ist aber nicht vollkommen klar:} Raa8 25. Qxb7 Nf5
26. Qxc6 Nxd4 27. Re8+ Kh7 (27... Rxe8 28. Rxe8+ Rxe8 29. Qxe8+ Kh7 30. Nc3 Nf5
{ist auch nicht vollkommen deutlich.}) 28. Qxa8 Rxa8 29. Rxa8 Ne2+ 30. Kh2 Qd2
31. Rf1 Nd4 32. Nb6 Qe2 33. Kg1 Bh4 {usw.}) 24... Rxe8 25. Rxe8+ Kh7 26. Be5 $2
(26. Qc7 {verspricht nicht mehr. Nach} g5 (26... Qd1+ 27. Kh2 Qxa4 28. Qb8 g5
29. Qxa7 Qxd4 (29... Qb5 30. Qb6 Bxd4 31. Qxb5 axb5 32. Rb8 {Schwarz dürfte
nicht überleben können.}) 30. Qxb7 Qxf2 31. Bg3 (31. Qxa6 Ng4+ 32. Kh1 Ne5 $11)
31... Qxc5 32. Qxa6 Bxb2 33. Qd3+ {bietet dem Weißen einige geringe
Erfolgsaussichten.}) 27. Qb8 Bxd4 28. Nc3 Nf5 {ist keineswegs klar, wer besser
steht.}) (26. Nb6 {bietet jedoch Erfolgsaussichten, zum Beispiel:} Nf5 (26...
Bxd4 27. Bb8 Nf5 28. Qe1 {kommt auf dasselbe hinaus.}) 27. Bb8 Bxd4 28. Qe1 (
28. Bxa7 Qg3 29. Qe1 Nh4 30. Kf1 Qxg2+ 31. Ke2 Nf3 {führt zum Remis.}) 28...
Bxc5 29. Bxa7 Qd4 (29... Qg3 {scheitert an} 30. Bb8) 30. Rb8 Bxb6 31. Bxb6 Qxb6
32. Qe8 Kh6 33. Qe5 Kh7 34. g4 Nh4 35. Qe7 g5 36. Qxf7 Ng6 37. Re8 Qxb2 38.
Qg8+ Kh6 39. Re6 {und Weiß gewinnt.}) 26... Bxe5 27. dxe5 Qb1+ 28. Kh2 Qe4 $11
29. g3 Qc2 30. Kg2 Nf5 31. Qd8 Ne3+ 32. Kg1 Qd1+ 33. Kh2 Nf1+ 34. Kg2 Ne3+ 35.
fxe3 Qe2+ 1/2-1/2